01316nam a2200229Ia 450000500170000000800410001702000150005805000190007308200190009210000190011124500950013025000190022526000350024430000180027933600100029733700140030733800120032150400400033350503450037352003260071865000420104420231102151520.0121101s1999 mx f 000 0 spa d a9682300088 aHM66bB34 1999 a121 B144t 19991 aBagú, Sergio10aTiempo, realidad social y conocimientob : propuesta de interpretaciónc / Sergio Bagú a15a. edición3 aMéxicob : Siglo XXIc, 1999 a214 páginas aTexto aSin medio aVolumen aIncluye Bibliografía (pp.199-205)1 aPlanteamiento inicial El universo de la realidad social Primera meditación sobre la naturaleza de la realidad social La génesis de la realidad social El tiempo de la realidad social El ordenamiento de la realidad social, según la distribución de funciones El universo del conocimiento de la realidad social La aptitud gnoseológica0 aOfrece una interpretación del universo de la realidad social y del universo de su conocimiento. El autor explica como se fueron organizando, temática y metodológicamente, las ciencias sociales en la cultura occidental, cada una de ellas considerada como un modo de percepción dentro del sistema social especifico.14a1. REALIDAD SOCIAL 2. METAFÍSICAÌ